| 000 | 00651cam a2200205 4500 | ||
|---|---|---|---|
| 008 | 000000n2000 000 0 eng u | ||
| 035 | _a(Sirsi) u104884 | ||
| 100 | _aBennett, D. | ||
| 245 | _aTest-bed for the urban eco-house | ||
| 260 | _c2000 | ||
| 490 |
_aContract Journal _v402(6268) 15 March 2000, 16-17(2) |
||
| 520 | _aDescribes an eco-friendly timber frame house with a grass roof which has been built in north London. | ||
| 590 | _aABS | ||
| 650 | _aENERGY EFFICIENCY | ||
| 650 | _aTHERMAL INSULATION | ||
| 650 | _aTIMBER-FRAME HOUSES | ||
| 650 | _aRECYCLING | ||
| 690 | _aBUILT ENVIRONMENT-SUSTAINABLE CONSTRUCTION | ||
| 942 | _n0 | ||
| 999 |
_c62916 _d62916 |
||